| 000 | 00786nam a2200205Ia 4500 | ||
|---|---|---|---|
| 003 | GCL | ||
| 008 | 140319s9999 xx 000 0 ara d | ||
| 040 |
_aGCL / _cGCL |
||
| 082 | 0 | 4 |
_a336.1 _bح ا |
| 100 | 1 | _aحسين عمر حمادة | |
| 245 | 1 | 0 |
_aالادبيات الماسونية وصلتها بالعقائد اليهودية الصهيونية وخططها لتقويض المجتمعات الاسلامية والمسيحية / _cحسين عمر حمادة |
| 260 |
_aسوريا : _bوزارة الاعلام السورية ، _c1994 |
||
| 300 |
_a624 ص ؛ _c24 سم |
||
| 650 | 0 | 4 | _aالماسونية |
| 650 | 0 | 4 | _aالصهيونية |
| 650 | 0 | 4 | _aالعنصرية |
| 650 | 0 | 4 | _aالماسونيون |
| 650 | 0 | 4 | _aالماسونية واليهود |
| 942 |
_2ddc _cBK |
||
| 999 |
_c8379 _d8379 |
||